Annual review of genetics. V 09 (Record no. 44938)

MARC details
000 -LEADER
fixed length control field 00413nam a2200157Ia 4500
082 ## - DEWEY DECIMAL CLASSIFICATION NUMBER
Classification number 575
Item number ANN.9
245 #0 - TITLE STATEMENT
Title Annual review of genetics. V 09
260 ## - PUBLICATION, DISTRIBUTION, ETC. (IMPRINT)
Place of publication California
Name of publisher Annual Reviews
Year of publication 1975
650 ## - SUBJECT ADDED ENTRY--TOPICAL TERM
Topical Term Chromosome
650 ## - SUBJECT ADDED ENTRY--TOPICAL TERM
Topical Term Genetics
650 ## - SUBJECT ADDED ENTRY--TOPICAL TERM
Topical Term Genetics screening
650 ## - SUBJECT ADDED ENTRY--TOPICAL TERM
Topical Term Synaponemeal complex
650 ## - SUBJECT ADDED ENTRY--TOPICAL TERM
Topical Term Xeroderma pigmentosum
942 ## - ADDED ENTRY ELEMENTS (KOHA)
Koha item type Books
Holdings
Withdrawn status Lost status Damaged status Not for loan Collection code Home library Current library Date acquired Full call number Accession Number Koha item type
        Journal register RRII Library RRII Library 16/12/2021 575 ANN.9 J03918 Books